000 00258nam a22001097a 4500
008 170113b xxu||||| |||| 00| 0 eng d
020 _a9780803620568
041 _aeng
080 _a618.2
245 _aBASIC MATH REVIEW FOR NURSES
_cRAINES, V
942 _2udc
_cBK
999 _c2861
_d2861